Party wall legislation and procedure, 8th edition consultation (Record no. 122343)

MARC details
000 -LEADER
fixed length control field 03029nam a22002537a 4500
005 - DATE AND TIME OF LATEST TRANSACTION
control field 20260410075802.0
008 - FIXED-LENGTH DATA ELEMENTS--GENERAL INFORMATION
fixed length control field 260408t2026 xxk|||||o|||| 00| 0 eng d
041 ## - LANGUAGE CODE
Language code of text/sound track or separate title eng
110 ## - MAIN ENTRY--CORPORATE NAME
Corporate author Royal Institution of Chartered Surveyors
245 ## - TITLE STATEMENT
Title Party wall legislation and procedure, 8th edition consultation
Medium [Electronic resource]
260 ## - PUBLICATION INFORMATION
Place of publication London,
Publisher Royal Institution of Chartered Surveyors,
Date 8 April 2026
300 ## - PHYSICAL DESCRIPTION
Physical description 34p.
490 ## - SERIES TITLE
Series statement RICS Consultation
520 ## - ABSTRACT
Abstract This document sets out best practice guidance for RICS members involved in matters where the Party Wall etc. Act 1996 applies. The guidance explains when the Act is relevant to construction works in England and Wales and outlines the necessary procedures where statutory requirements are triggered.<br/><br/>Under the Act, the term ‘surveyor’ refers to any independent individual appointed under section 10 to resolve disputes. The document clarifies both the advisory role surveyors play in the early stages of party wall matters and their statutory duties once formally appointed. Surveyors are expected to demonstrate appropriate technical competence and to meet RICS’ requirements for skill, care and diligence.<br/><br/>The guidance focuses solely on processes connected to the Act but notes that additional legal or practical considerations may be relevant when building near a boundary. Importantly, it emphasises that a party wall surveyor’s appointment is personal and statutory, independent of client instruction.<br/><br/>Finally, the document highlights concerns arising from appeals where awards were deemed invalid because surveyors acted without proper jurisdiction – often in cases where no genuine dispute existed between the parties – underscoring the need for strict compliance with the Act’s requirements.<br/><br/>We rely on the technical input of our members and other stakeholders to ensure the accuracy, quality, practicality and relevance of our standards and guidance.<br/><br/>This a complex area of practice and recent challenges and appeals have highlighted the need for greater clarity and rigour. Your views will help us test whether the guidance supports competence, consistency and confidence for practitioners, reinforces the personal and statutory nature of the surveyor’s role, and appropriately addresses risks arising where the Act is misapplied.<br/><br/>Consultation opened 8 April 2026 closes 5 June 2026. Response to be published 2 November 2026
650 ## - KEYWORDS
Keywords PARTY WALL ETC ACT 1996
650 ## - KEYWORDS
Keywords NEIGHBOUR DISPUTES
650 ## - KEYWORDS
Keywords PARTY WALLS
651 ## - SUBJECT ADDED ENTRY--GEOGRAPHIC NAME
Geographic name United Kingdom
690 ## - BROAD SUBJECT
Broad subject Party walls
9 (RLIN) 6258
710 ## - ADDED CORPORATE NAME
Added corporate author Royal Institution of Chartered Surveyors
856 ## - ONLINE RESOURCE
Uniform Resource Identifier <a href="https://consultations.rics.org/gf2.ti/-/1866146/283446181.1/PDF/-/Party%20wall%20legislation%20_%20procedure%20sections%201-11.pdf">https://consultations.rics.org/gf2.ti/-/1866146/283446181.1/PDF/-/Party%20wall%20legislation%20_%20procedure%20sections%201-11.pdf</a>
Public note View the consultation document on RICS.org
856 ## - ONLINE RESOURCE
Uniform Resource Identifier <a href="https://consultations.rics.org/party_walls_8th_edition_guidance/consultationHome">https://consultations.rics.org/party_walls_8th_edition_guidance/consultationHome</a>
Public note View the RICS iConsult homepage on Party Walls 8th edition
942 ## - ADDED ENTRY ELEMENTS (KOHA)
Suppress in OPAC Do not suppress in OPAC
Holdings
Lost status Damaged status Not for loan Current library Shelving location Date acquired Total Checkouts Full call number Date last seen Price effective from Koha item type
      Virtual Online 08/04/2026   iConsult 08/04/2026 08/04/2026 Online material